World Press Photo 2020 / (Record no. 10789)

MARC details
000 -CABECERA
campo de control de longitud fija 00865nam a22002297a 4500
001 - NÚMERO DE CONTROL
campo de control BRCA_9170
003 - IDENTIFICADOR DEL NÚMERO DE CONTROL
campo de control FranzMayer
005 - FECHA Y HORA DE LA ÚLTIMA TRANSACCIÓN
campo de control 20220809131110.0
008 - DATOS DE LONGITUD FIJA--INFORMACIÓN GENERAL
campo de control de longitud fija 220623b |||||||| |||| 00| 0 spa d
020 ## - NÚMERO INTERNACIONAL ESTÁNDAR DEL LIBRO
Número Internacional Estándar del Libro 9788418075568
040 ## - FUENTE DE LA CATALOGACIÓN
Centro catalogador/agencia de origen MFM
Lengua de catalogación spa
Centro/agencia transcriptor SHM
Centro/agencia modificador MFM
041 ## - CÓDIGO DE LENGUA
Código de lengua del texto/banda sonora o título independiente spa
050 ## - SIGNATURA TOPOGRÁFICA DE LA BIBLIOTECA DEL CONGRESO
Número de clasificación TR820
Número de documento/Ítem .W67 2020
245 ## - MENCIÓN DE TÍTULO
Título World Press Photo 2020 /
Mención de responsabilidad, etc. Edición en lengua española Cristina Rodríguez Fischer
250 ## - MENCIÓN DE EDICIÓN
Mención de edición 1ra ed. spa.
Resto de la mención de edición Edición en lengua española Rodríguez Fischer, Cristina
260 ## - PUBLICACIÓN, DISTRIBUCIÓN, ETC.
Lugar de publicación, distribución, etc. Ámsterdam, Países Bajos
Nombre del editor, distribuidor, etc. BLUME
Fecha de publicación, distribución, etc. 2020
300 ## - DESCRIPCIÓN FÍSICA
Extensión 239 p.
Otras características físicas imágenes fotográficas
Dimensiones 19.5 x 25 cm.
500 ## - NOTA GENERAL
Nota general Ubicación: L59-N5
500 ## - NOTA GENERAL
Nota general Catálogo de la exposición realizada en el Museo Franz Mayer (Ciudad de México, 2 de septiembre al 8 de noviembre, 2020)
650 14 - PUNTO DE ACCESO ADICIONAL DE MATERIA--TÉRMINO DE MATERIA
Fuente del encabezamiento o término Fotoperiodismo
Subdivisión de forma Exposiciones
Subdivisión general Premios
9 (RLIN) 28354
942 ## - ELEMENTOS DE PUNTO DE ACCESO ADICIONAL (KOHA)
Fuente del sistema de clasificación o colocación Library of Congress Classification
Tipo de ítem Koha Libros
Holdings
Estado de retiro Estado de pérdida Fuente del sistema de clasificación o colocación Estado dañado No para préstamo Localización permanente Ubicación/localización actual Fecha de adquisición Signatura topográfica completa Código de barras Fecha visto por última vez Número de copia Precio válido a partir de Tipo de ítem Koha
El ejemplar forma parte de la colección y puede ser consultado según las políticas vigentes.   Library of Congress Classification     Biblioteca del Museo Franz Mayer (Rogerio Casas-Alatriste) Biblioteca del Museo Franz Mayer (Rogerio Casas-Alatriste) 23/06/2022 TR820 .W67 2020 CONT9942 23/06/2022 1 23/06/2022 Libros